=LDR 00000nam 2200000 4500 =001 INLIS000000000026771 =005 20130612125208 =008 ***********************************ind** =035 ##$$0010-061300000026771 =041 ##$$a ind =082 ##$$a 658.04 =090 ##$$a 658.04, SAB m =100 ##$$a Sabarguna, Boy S., H =245 ##$$a Manajemen operasional rumah sakit, oleh H. Boy S. Sabarguna; penyunting, Masyhuri Suhad =260 ##$$a 2005 $b Yogyakarta =300 ##$$a vii, 93 hlm., 24 cm =650 ##$$a Manajemen Rumah Sakit =700 ##$$a Suhad, Masyhuri =850 ##$$a NBPNMAT